| 000 | 00418nam a22001217a 4500 | ||
|---|---|---|---|
| 999 |
_c6752 _d6752 |
||
| 008 | 200325b ||||| |||| 00| 0 eng d | ||
| 100 | _aThe United Republic of Tanzania | ||
| 245 |
_aThe Second Generation Financial Sector Reforms _bMain Report _cThe United Republic of Tanzania _hEnglish |
||
| 260 |
_aTanzania _bThe Bank of Tanzania _c2007 |
||
| 300 |
_aix, 160p _bill _c24cm |
||
| 650 | _2Finance | ||
| 942 |
_2ddc _cBOOKS |
||